| 000 | 04563nam a2200409 i 4500 | ||
|---|---|---|---|
| 003 | EG-GICUC | ||
| 005 | 20260203152126.0 | ||
| 008 | 260203s2025 ua |||f m||| 00| 0 ara d | ||
| 040 |
_aEG-GICUC _cEG-GICUC _dEG-GICUC _erda _bara |
||
| 041 | 0 | _aara | |
| 049 | _aإهداء | ||
| 082 | 0 | 4 |
_a347.4062 _221 |
| 097 | _aPh.D | ||
| 099 | _aLaw 05 PHD 2025 | ||
| 100 | 0 |
_aمريم عبدالرحيم محمد زكي محمود علام _eمؤلف. |
|
| 245 | 1 | 0 |
_aتأثير منظمة الأيوسكو علي أسواق المال العالمية (مشاكل وحلول) / _cإعداد مريم عبدالرحيم محمد زكي محمود علام؛ إشراف الأستاذ سامي عبدالباقي أبو صالح. |
| 264 | 0 |
_aالقاهرة: _bكلية الحقوق- جامعة القاهرة، _c2025. |
|
| 300 |
_a540 صفحة؛ _c25 سم. |
||
| 336 |
_atext _2rda content |
||
| 337 |
_aComputer _2rda media |
||
| 338 |
_aOnline Resource _2rda carrier |
||
| 500 | _aرسائل نسخة منفردة | ||
| 500 | _aتحتوي علي صفحة عنوان باللغة الأنجليزية | ||
| 502 | _a أطروحة (دكتوراة)- جامعة القاهرة، كلية الحقوق، قسم القانون التجاري، 2025. | ||
| 504 | _aببليوجرافيا: صفحات 501-540 | ||
| 520 | 3 | _aإن حقيقة كون منظمة الأيوسكو منظمة غير تعاهدية ذات اتفاقية دولية تقضي إلى أن ما يصدر عنها غير ملزم للدول الأعضاء فيها، ولا يشكل جزءًا من تشريعاتها المتخصصة طبقا لمبدأ امتياز القواعد القانونية، وتظهر هنا مشكلة حول الفائدة التي تعود على مصر كدولة عضو في هذه المنظمة - التي يغلب على محصلة ما تقدمه الصفة الاسترشادية - كونها تعتبر من الأسواق الناشئة، ومن الطبيعي أن اقتصاد الدولة وأسواقها ستتطور لتصل إلى مراحل متنامية من النضج أسوة بالأسواق المتقدمة في العالم من المهم إذا أن تشتمل التحليلات والدراسات الوطنية على الأزمات والأخطاء والمخاطر الناجمة للعمل على تجنبها، كذلك النجاحات والتجارب المضيئة لاتباعها، ذلك أن معظم الانتقادات التي وجهت إلى المنظمة كانت عن أدائها ومدى فاعليتها في توقع الأزمات المالية العالمية (مثل أزمة شرق آسيا ۱۹۹۸) والأزمة العالمية (۲۰۰۸-۲۰۰۹) والعمل على الإنذار المبكر منها ومن مخاطرها وكيفية معالجة الأوضاع قبل حدوثها بوقت كاف. وباعتبار ما سبق فإن الشق الثاني من المشكلة يتمثل في تكوين تصور واضح للفوائد الممكنة لمصر من انضمامها إلى منظمة الأيوسكو وكيفية تعظيم هذه الفائدة. وأخيرا، فإن من المهم لمصر أن تستخدم كل الأدوات والموارد المتاحة والممكنة لترشيد عمليات صياغة التشريعات المتعقلة بالأسواق المالية وإقرارها، وما يمكن أن تحصل عليه من علم ومعلومات من المنظمات التي تعني بهذا التخصص سواء كانت مصر عضوا فيها أم لم لا، وعقد مقارنات مع دول أخرى ذات أسواق متطورة وكبيرة لتبين ما يمكن أن تتعرض له ايجابا وسلبا، وهي سائرة في مسار مشابه لما سلكوه. | |
| 546 | _aالملخص باللغة العربية | ||
| 650 | 0 | 4 | _aالقانون التجاري |
| 653 | 0 |
_aمنظمة الأيوسكو _aالأسواق الناشئة _aالقواعد القانونية _aالصفة الاسترشادية _aالعمل علي الإنذار المبكر |
|
| 655 | 4 |
_aرسائل جامعية _zجامعة القاهرة _xالقانون التجاري |
|
| 700 | 0 |
_aسامي عبدالباقي أبو صالح _eمشرف. |
|
| 710 | 2 |
_aجامعة القاهرة. _bكلية الحقوق |
|
| 856 | _uhttps://fll.law.cu.edu.eg/fulltext/th/T05-02774.pdf | ||
| 900 |
_b2025 _Uجامعة القاهرة _Fكلية الحقوق _Dقسم القانون التجاري |
||
| 905 | _a64 | ||
| 942 |
_2ddc _cTH _e21 _n0 |
||
| 999 | _c60650 | ||